000 00626 a2200241 4500
260 _aParis
100 _aCOCQUERELLE, Jean-Louis
440 _n1
260 _bÉditions Technip
245 _aL'Électronique de commutation : analyse des circuits par la méthode de l'invariance relative
300 _aXIV, 107 p.
650 _a<Circuits et commutation>
260 _c1993
300 _bFig. ; 23 cm.
130 _lFr.
035 _a11790
440 _a(Sciences et technologie)
500 _aBibliographie : p. [111]
020 _a2-7108-0639-8
999 _c9864
_d9864